Loading...
| Literature - European Literature | 2 | 5 | 0 | 1 | 80 | 27 | 89.86 | 4 | 7 |
| Literature - British Literature | 3 | 3 | 0 | 1 | 75 | 19 | 73.67 | 5 | 6 |
| Literature - American Literature | 1 | 3 | 0 | 1 | 45 | 44 | 92.00 | 2 | 4 |
| Fine Arts - Auditory Fine Arts | 2 | 2 | 1 | 1 | 45 | 24 | 77.25 | 3 | 4 |
| Fine Arts - Visual Fine Arts | 2 | 1 | 2 | 0 | 30 | 41 | 58.67 | 3 | 3 |
| Literature - World Literature | 1 | 2 | 2 | 1 | 25 | 74 | 101.67 | 1 | 3 |
| Fine Arts - Other Fine Arts | 1 | 1 | 0 | 0 | 25 | 33 | 57.00 | 2 | 2 |
| History - Other History | 1 | 1 | 0 | 0 | 25 | 55 | 61.50 | 0 | 2 |
| History - European History | 0 | 2 | 0 | 0 | 20 | 66 | 85.00 | 1 | 2 |
| Mythology | 0 | 2 | 0 | 1 | 20 | 126 | 130.50 | 0 | 2 |
| Religion | 1 | 1 | 1 | 0 | 20 | 47 | 59.00 | 1 | 2 |
| Social Science | 1 | 1 | 1 | 1 | 20 | 67 | 96.50 | 1 | 2 |
| Social Science- Edited | 0 | 1 | 0 | 0 | 10 | 82 | 82.00 | 1 | 1 |
| Science - Biology | 0 | 1 | 0 | 0 | 10 | 77 | 77.00 | 0 | 1 |
| Philosophy | 0 | 1 | 0 | 0 | 10 | 119 | 119.00 | 0 | 1 |
| Pop Culture | 0 | 1 | 0 | 0 | 10 | 102 | 102.00 | 1 | 1 |